Markets (Record no. 82913)

MARC details
000 -LEADER
fixed length control field 01321cab a22002175a 4500
001 - CONTROL NUMBER
control field L152205
008 - FIXED-LENGTH DATA ELEMENTS--GENERAL INFORMATION
fixed length control field 110210e20110121xxk 000 0 eng d
035 ## - SYSTEM CONTROL NUMBER
System control number (Sirsi) u152205
041 0# - LANGUAGE CODE
Language code of text/sound track or separate title eng
100 1# - MAIN ENTRY--PERSONAL NAME
Personal name Hatcher, David
245 00 - TITLE STATEMENT
Title Markets
Remainder of title trade counters and self-storage
260 ## - PUBLICATION, DISTRIBUTION, ETC.
Date of publication, distribution, etc. 2011
490 #0 - SERIES STATEMENT
Series statement Property Week
Volume/sequential designation 77(3) 21 January 2011, 53-62(4)
520 ## - SUMMARY, ETC.
Summary, etc. Travis Perkins now dominates the UK trade counter market with 1814 branches after its take-over of rival BSS. Opus Land is to develop its first trade counter at Erdington on the outskirts of Birmingham and joint venture Ambit/Aegon joint venture has almost completed its first trade development in Basingstoke. The 35 000 sq ft expansion of CBRE Investors' Minworth Trade Park in Birmingham is due to be ready in February. Big Yellow self-storage will only open five more units over the next two years and US company Shurgard initiates challenge to Big Yellow and Safestore in the UK self-storage market. Caisson Investment Management seeks £50-100m of equity for its self-storage fund.
590 ## - LOCAL NOTE (RLIN)
Local note KA
651 #4 - SUBJECT ADDED ENTRY--GEOGRAPHIC NAME
Geographic name United Kingdom
Chronological subdivision
690 ## - LOCAL SUBJECT ADDED ENTRY--TOPICAL TERM (OCLC, RLIN)
Topical term or geographic name as entry element PROPERTY-COMMERCIAL PROPERTY-COMMERCIAL PROPERTY MARKET
690 ## - LOCAL SUBJECT ADDED ENTRY--TOPICAL TERM (OCLC, RLIN)
Topical term or geographic name as entry element PROPERTY-COMMERCIAL PROPERTY-COMMERCIAL PROPERTY FINANCE AND INVESTMENT
700 1# - ADDED ENTRY--PERSONAL NAME
Personal name Penniston, David
942 ## - ADDED ENTRY ELEMENTS (KOHA)
Suppress in OPAC 0
Holdings
Withdrawn status Lost status Source of classification or shelving scheme Damaged status Not for loan Home library Current library Shelving location Date acquired Total Checkouts Full call number Barcode Date last seen Copy number Price effective from Koha item type
    Dewey Decimal Classification     London London Journal article 10/02/2011   L152205 152205-1001 06/08/2019 1 06/08/2019 Journal article